000 00440nam a2200169Ia 4500
008 241115s9999 xx 000 0 und d
020 _a0-471-59495-4
082 _a515.15 ANT
100 _aAnton, Howard
245 0 _aCalculus: with analytic geometry
250 _a5th ed.
260 _aNew York:
_bWiley & Sons,
_c1995
300 _axxix,1008p.
600 _aHumanities & Natural Science
650 _aMathematics
942 _cBBD
999 _c24946
_d24946